000 00309nam a2200133Ia 4500
100 _aHarrington/Steven
942 _cBK
654 _aComputer Graphics
245 _aComputer Graphics A Programming Approach
260 _bMcGraw Hill
_aAuckland
_c1983
082 _a1.5
300 _a448
546 _aENGLISH
999 _c26599
_d26599